Tilastot visalle Karkit

Klikkaa tästä pelataksesi tätä visaa!

Yleistilastot

  • Tätä visaa on pelattu 122 kertaa
    (111 viimeisimmän päivityksen jälkeen)
  • Keskiarvotulos 12 / 16

Vastaustilastot

Vastaus% Oikein
Dumle
99%
Vihreät kuulat
95%
Marianne
89%
Susu palat
89%
Pihlaja
87%
Haribo nallekarkit
86%
Ässä Mix
82%
Vanhat autot
82%
Hopea Toffee
78%
Amerikan pastilli
76%
Pätkis
74%
Lontoon rae
67%
Sirkusaakkoset
62%
Tupla
53%
Supersalmiakki
29%
Tyrkisk peber
20%

Tulosjakauma

Persentiili vastausten määrän mukaan

Jokaisen tuloksen saaneiden osuus

Tuloshistoriasi

Et ole pelannut tätä visaa sen viimeisimmän päivityksen jälkeen